| 000 | 00738nam a22002417a 4500 | ||
|---|---|---|---|
| 001 | BR7905575 | ||
| 003 | BR-BrBNA | ||
| 005 | 20240207121135.0 | ||
| 007 | ta | ||
| 008 | 230509b bl.||||| |||| 00| 0 por d | ||
| 040 |
_aBR-BrBNA _bpor _cBiblioteca Nacional de Agricultura |
||
| 041 | _a(Por) | ||
| 072 | _aA50 | ||
| 090 |
_aA50 _bBR7905575 |
||
| 100 | 1 | _aSmith, Regina | |
| 110 | 1 |
_aEmpresa Brasileira de Pesquisa Agropecuaria, Brasilia, DF. Depto. de Informacao e Documentacao _93872 |
|
| 245 | 1 | _aRelacao de intituicoes convenentes a nivel nacional [Instituicao de pesquisa; Brasil] | |
| 260 | 3 |
_aBrasilia, DF (Brasil): _c1979. |
|
| 300 | _a13 p. | ||
| 650 | _aPesquisa | ||
| 650 | _aInstituicao de pesquisa | ||
| 942 |
_cBK _2AGRIS |
||
| 999 |
_c27703 _d27703 |
||